000 00660nam a2200205 4500
001 145224
003 ES-MaACL
005 20230906201204.0
007 t|
008 070214s1962 sp r ||||1| spa d
100 1 _aSoras, Alfred de.
_9107324
245 1 0 _aOpciones políticas y documentos de la Iglesia /
_cA. de Soras, S. J.; traducción del Dr. Jesús García Piñón.
260 _aBarcelona :
_bEstela,
_c[1962] (
_fCosmos)
300 _a99 p. ;
_c21 cm.
490 1 _aCristianismo y tiempo
700 1 _aGarcía Piñón, Jesús.
_955121
830 0 _aCristianismo y tiempo
_9181569
852 _aES-MaACL
_jC-23510
_bR.50698
999 _c145224
_d145224